[Event "RUS-ch Rapid 2021"]
[Site "Sochi"]
[Date "2021.10.13"]
[Round "11.22"]
[White "Sakaev, Konstantin"]
[Black "Grebnev, Aleksey"]
[Result "0-1"]
[WhiteElo "2603"]
[BlackElo "2469"]
[Annotator "TA"]
[PlyCount "74"]
[EventDate "2021.10.12"]
[EventType "swiss"]
[EventCountry "RUS"]
[SourceTitle "playchess.com"]
[Source "ChessBase"]
[SourceQuality "1"]

{[%evp 17,74,17,16,25,18,10,15,7,11,13,42,27,26,28,26,28,34,31,45,32,56,14,10,17,32,0,0,0,0,0,0,0,0,0,0,0,0,0,66,0,0,0,0,0,0,0,0,-31,32,-56,-18,-18,-22,-593,-550,-534,-523,-520,-515]} 1. d4 Nf6 2. c4 e6 3. Nc3 Bb4 4. e3 O-O 5. Bd3 c5 6. Nf3 cxd4 7. exd4 d5 8. cxd5 {outshines the older 8.0-0.} exd5 9. Ne5 Nc6 10. O-O {B14: Caro-Kann: Panov-Botvinnik Attack with 5...e6 and 5...g6.} h6 11. Nxc6 bxc6 12. Bf4 {The position is equal.} Bg4 {[#]} 13. f3 $146 ({Predecessor:} 13. Qc2 Qb6 14. a3 Be7 15. Rfe1 Be6 16. Rad1 Qb7 17. Qc1 c5 18. Bxh6 cxd4 19. Bxg7 {1-0 (19) Smejkal,J (2500)-Gabriel,C (2500) Germany 1993}) 13... Bh5 14. Na4 Nd7 15. a3 Ba5 16. b4 Bc7 17. Bxc7 Qxc7 18. Rc1 Qf4 19. Rf2 Qf6 20. Qd2 Rfe8 21. Nc3 {[%cal Ba4c3,Bc3d1,Bd1f2][%mdl 32]} Bg6 22. Bf1 Nb6 23. Nd1 Re6 24. Re2 Rae8 25. Rxe6 Rxe6 26. Nf2 Bf5 27. Qf4 Kh7 (27... g5 $11 28. Qd2 Qe7) 28. h4 (28. g4 $14 Bg6 29. Qxf6 Rxf6 30. Kg2) 28... g5 $1 $11 {[%cal Rg5f4]} 29. hxg5 hxg5 30. Qd2 Kg7 31. Rc3 Qe7 32. f4 g4 (32... Re1 $15 33. Rc1 Rxc1 34. Qxc1 g4) 33. g3 ({White should play} 33. Nh1 $1 $14) 33... Nc4 (33... Re1 $5 {[%cal Rb6c4]} 34. Rc1 Rxc1 35. Qxc1 Nc4 $15) 34. Bxc4 dxc4 35. d5 $2 {[%mdl 8192] [#]} ({Wrong is} 35. Rxc4 $2 Re2 $19) (35. Kf1 $11) 35... Re1+ $19 {Black is clearly winning.} 36. Kh2 Re2 37. Qd4+ Qf6 {Weighted Error Value: White=0.32/Black=0.11} 0-1